Wszystkie miasta w Małopolsce - Statystyki

Ogólne statystyki
  • Ten quiz został rozwiązany 45 razy
  • Średni wynik to 21 z 63
Statystyki odpowiedzi
Miasto % Poprawnych
Kraków
91%
Nowy sącz
91%
Zakopane
88%
Tarnów
84%
Bochnia
78%
Nowy Targ
78%
Myślenice
72%
Oświęcim
72%
Wadowice
72%
Wieliczka
69%
Brzesko
66%
Gorlice
63%
Limanowa
59%
Chrzanów
56%
Stary Sącz
53%
Proszowice
50%
Rabka Zdrój
50%
Dąbrowa Tarnowska
47%
Miechów
47%
Olkusz
47%
Andrychów
44%
Niepołomice
41%
Skawina
41%
Sucha Beskidzka
41%
Trzebinia
41%
Krynica Zdrój
38%
Kalwaria Zebrzydowska
28%
Jordanów
25%
Maków Podhalański
25%
Nowy Wiśnicz
25%
Zator
25%
Krzeszowice
22%
Libiąż
22%
Szczawnica
22%
Tuchów
22%
Zakliczyn
22%
Czarny Dunajec
19%
Czchów
19%
Dobczyce
19%
Słomniki
19%
Wojnicz
19%
Grybów
16%
Kęty
16%
Piwniczna-Zdrój
16%
Wolbrom
16%
Żabno
16%
Koszyce
13%
Mszana Dolna
13%
Skała
13%
Brzeszcze
9%
Ciężkowice
9%
Nowe Brzesko
9%
Radłów
9%
Sułkowice
9%
Świątniki Górne
9%
Szczucin
9%
Biecz
6%
Bukowno
6%
Chełmek
6%
Książ Wielki
3%
Ryglice
3%
Alwenia
0%
Bobowa
0%
Nie znaleziono quizów pasujących do podanych kryteriów
Rozkład punktacji
Procent ludzi z każdym wynikiem
Percentyl według liczby udzielonych odpowiedzi
Twoja historia wyników
Nie rozwiązałeś tego quizu